Statistics for Regions of the Philippines

Click here to take the quiz!

General Stats

  • This quiz has been taken 12 times
  • The average score is 10 of 17

Answer Stats

Population (May 2023)Region% Correct
16,373,860Calabarzon
83%
2,968,668Caraga
83%
2,049,963Cordillera
83%
5,429,278Bicol
67%
3,824,992Cagayan Valley
67%
12,662,839Central Luzon
67%
8,180,466Central Visayas
67%
5,404,284Davao
67%
4,690,994Eastern Visayas
67%
9,477,913Western Visayas
67%
5,423,286Illocos
50%
2,055,369Mimaropa
50%
5,162,440Northern Mindanao
50%
3,809,027Zamboanga Peninsula
50%
15,001,536Metro Manila
33%
4,459,547Soccsksargen
33%
5,072,759Muslim Mindanao
17%

Score Distribution

Percentile by Number Answered

Percent of People with Each Score

Your Score History

You have not taken this quiz